MDQL
is popping MORE tags! Check the
thread
!
Quizzes
Events
Quiz Creation
Community
Videos
Private Events
Remove Ads
Sign In
Join for FREE
Feedback
Dark Mode
Quiz Categories
Sports
Geography
Music
Movies
Television
Just For Fun
Miscellaneous
History
Literature
Language
Science
Gaming
Entertainment
Religion
Holiday
For Kids
Quiz Lab
Recent
Popular Today
Quiz Kudos Today
Editor Picks
Curator Picks
Quizzes by...
Day
Popularity
Type
Ratings
Length
Year
Community
Subscriptions
Recent Discussions
Orange Saloon
Badges
Playlists
Quests
Create
Leaderboards
Showdown
Live 5
Trivia Bingo
Activity
Puzzle Library
Sporcle Events
Private Events
Virtual Trivia
Globe League
Become a Host
Pub Owners
SporcleCon
Opinionation
Our Games
Videos
Blog
Mobile Apps
Partnerships
Remove Ads and Go Orange
Feedback
Language
Vocabulary
Begins and Ends
Definition
Spanish
French
German
Italian
Chinese
Latin
Translation
Japanese
Language
Vocabulary
Begins and Ends
Definition
Spanish
French
German
Italian
Chinese
Latin
Translation
Japanese
Random Quiz
Search Sporcle
×
Quiz Lab
Quiz Lab
Language
Spanish
Type in answers that appear in a list
Type in answers that appear in a list
Classic
Best Score? Go Orange.
Alice in Wonderland Spanish Vocab Stats
Can you name the Vocab words from Alice in Wonderland in Spanish?
By
RobotGuts
12m
103 Questions
64 Plays
64 Plays
64 Plays
Comments
Comments
Give Quiz Kudos
Give Quiz Kudos
-
- Ratings
hide this ad
More Info
Random Order
Randomize order of answers
Randomize order of answers
Replay
Link that replays current quiz
Next Quiz
Link to next quiz in quiz playlist
You Got
0%
They Got
Avg Score
28%
Avg Friend Score
Upgrade to see
Score Distribution
Jump to the score distribution portion of the page
Score
0/103
Timer
12:00
0
Plays Today
spanish word
English Word
% Correct
Corona
crown
64.1%
Mitad
half
60.9%
Oruga
caterpillar
59.4%
Cereza
cherry
59.4%
Castigar
to punish
57.8%
Gotas
drops
57.8%
Estornudo
sneeze
56.3%
Bigote
mustache
56.3%
Susceptible
susceptible
54.7%
Nene
little girl
54.7%
Tazas
cups
54.7%
Amargo
bitter
54.7%
Crudo
raw
53.1%
Rincon
corner
53.1%
Mala Educacion
bad manners
53.1%
Profundidad
depth
53.1%
Liebre
hare
51.6%
Discutir
to discuss
51.6%
Chocar
to colide
51.6%
Agrio
Sour
50%
Carrera
race
50%
Escalera
ladder
46.9%
Exigente
demanding
46.9%
Impertinente
impertinent
46.9%
Caber
to fit
45.3%
Barbilla
chin
45.3%
Eficaz
effective
43.8%
Torpe
clumsy
43.8%
Abanico
fan
42.2%
Temor
Fear
40.6%
Lograr
to attain
40.6%
Rabito
tail
39.1%
Llanto
crying
39.1%
Estrellarse
to crash
37.5%
Sesos
brains
37.5%
spanish word
English Word
% Correct
Resbaladiza
slippery
37.5%
Temblar
to shiver
37.5%
Fondo
bottom
35.9%
Mazo
mallet
34.4%
Silvestre
wind
34.4%
Estanque
pond
34.4%
Paperas
mumps
32.8%
Sollozar
to sob
31.3%
Remojo
to soak
31.3%
Agradecido
appreciated
29.7%
Morder
to bite
29.7%
Lio
mess
28.1%
Barulla
row
26.6%
Cohete
rocket
25%
Estrepito
din
25%
Cesar
to stop
23.4%
Aullar
to howl
23.4%
Hacer las paces
to make peace
23.4%
Desvan
attic
23.4%
Sordo
deaf
21.9%
Tinieblas
darkness
21.9%
Pandilla
gang
20.3%
Rama
Branch
20.3%
Cachirulo
naive
20.3%
Apenas
hardly
20.3%
Condenado
condemned
18.8%
Adivinar
predict
18.8%
Aguardiente
liquor
18.8%
Hocico
hog
18.8%
Chata
bedpan
18.8%
Sudor
sweat
18.8%
Grunir
to grunt
17.2%
Caricia
caress
17.2%
Doncella
maid
15.6%
Valar
to be worth
15.6%
spanish word
English Word
% Correct
Cuna
cradle
14.1%
Hallar
to find
14.1%
Tonificado
invigorated
12.5%
Colmo
limit
12.5%
Endiosada
deified
10.9%
Disparate
ridiculous
10.9%
Marearse
to feel sick
10.9%
Renir
to argue
10.9%
Bullico
noise
10.9%
Ahuyentar
to chase
10.9%
Rodar
to roll
10.9%
Santiamen
split second
10.9%
Tentada
tempted
10.9%
Dedal
Thimble
10.9%
Cautela
caution
9.4%
Acercarse
to approach
9.4%
Cosquilleo
tingle
9.4%
Guinar
to wink
9.4%
Arrebato
rage
7.8%
Cerilla
match
7.8%
Atolondrado
rash
7.8%
De veras
truely
7.8%
Algarabia
gibberish
7.8%
Rozar
to graze
7.8%
Manantiales
springs
7.8%
Despectivamente
disparagingly
6.3%
Ameno
pleasant
6.3%
Salpicar
to splash
6.3%
Cojo
Cripple
6.3%
Chillar
to screach
4.7%
Alejarse
to go away
4.7%
Aguantar
to endure
4.7%
Aplomo
nonchalance
1.6%
Quiz Playlist
Details
Report
Send in Message
Add To Playlist
More Info:
Honors Spanish IV class, alice in wonderland vocabulary!
Classic:
Type in answers that appear in a list
Random Order:
Randomize order of answers
Last Updated: Feb 16, 2017
Quiz Scoreboard
CHALLENGE
Sign Up to Join the Scoreboard
Show All
Scores
Hide
Comments
May contain spoilers
Recently Published
Street Fighter Characters
by Artimus82
Gaming
60s
9x9 Crossword: Cartoon Network
by jackfrog10
Miscellaneous
3m
College Basketball Coaching Resumes
by pancakes188
Sports
9m
More to Explore
Quiz From the Vault
Featured Blog Post
Where Did the Easter Bunny Come From?
hide this ad
You Might Also Like...
Tags
Spanish Quiz
Vocabulary Quiz
alice
Alice In Wonderland
Chapter
English
Wonderland
Today's Top Quizzes in Language
Browse Language
hide this ad
Today's Top Quizzes in Spanish
Browse Spanish
Top Contributed Quizzes in Language
1
1-10 Letter F Words III
2
1-10 Letter G Words III
3
1-10 Letter H Words III
4
Celtic Nations in their Language
5
Alphabetize! : 'As' words
6
1-10 Letter I Words III
7
One Thing in Common: Italy
8
Order Up: Top 10 Most Native Spoken Languages
9
1-10 Letter J Words III
10
Weisst du, aus welchen Sprachen diese Wörter stammen?
Explore More
Trending Topics
Kpop
Harry Potter
NBA
Crossword
Disney
Marvel
Anime
Country
Soccer
Song
The Office
WWE
Pokémon
Puzzle
NFL
hide this ad
More By:
RobotGuts
Quiz
Plays
Rating
Category
Featured
Created
Alice in Wonderland Spanish Vocab
64
2.00
Language
May 31, 2010
Spanish IV vocab
47
1.50
Language
Jan 20, 2010
Spanish IV Final Vocab
15
Language
Jun 7, 2010
Go to Creator's Profile
Score Distribution
Quiz Creator Spotlight
RobotGuts
Follow
Send a Message
Quizzes Created
-
Created Quiz Play Count
-
More By This Creator
Popular Quizzes Today
1
Find the US States - No Outlines Minefield
2
Find the Countries of Europe - No Outlines Minefield
3
The Countries of the World
4
Find the US States
5
Risky Map Clicking: Biggest States A-Z
6
US States
7
Popular People in 1961
8
Movies - When Are They Set?
More Language Quizzes
Rhymes with 'Own'
Published
Trending Quizzes
Risky Map Clicking: Least Populous States A-Z
Countries of the World: 200 Million BC
1-10 Letter G Words
Risky Map Clicking: Next State Alphabetically
Adjectives in 80s TV Shows
Recently Updated
Leaping Animals
pecheneg
Reality TV Shows (A-Z)
bhenderson79
Rickey Henderson's Hall of Fame Teammates
pecheneg
Champions League XIs: Arsenal
pecheneg
Quick Pick: Celebrities in WWE's Hall of Fame
aduchscher
A-Z Keypad Blitz II
pecheneg
Multiple Oscar Actors
pecheneg
Mystery Phrase Blitz: Oscar 'Best Actors'
pecheneg
F. Scott Fitzgerald Novels
LTH
Pick 3 Villains
ddd62291
Trending Topics
Marvel
Disney
NBA
Anime
Kpop
Crossword
Harry Potter
Song
NFL
Soccer
Country
WWE
Pokémon
The Office
Puzzle
Your Account Isn't Verified!
In order to create a playlist on Sporcle, you need to verify the email address you used during registration. Go to your
Sporcle Settings
to finish the process.
Report this User
Report this user for behavior that violates our
Community Guidelines
.
Details:
Send Report
Go to the Sporcle.com Mobile Site →
Comments